00687nam a2200229Ia 4500001000700000003000500007008004100012010001100053020001800064040000900082082001600091100001900107245011900126260005100245300001600296503001700312504002700329650002400356650002300380700002900403700002500432Z_3076CHAP220113s1983 xx 000 0 und d a166166 a0-582-45587-1 cCHAP a636.085 R66 aRook, J. A. F. aNutritional physiology of farm animals /cJ. A. F. Rook y P. C. Thomas; colaboración R. C. Campling...[et al.] aEstados Unidos de América :bLongman,c1983 axii, 704 p. aej.1: 126842 aIncluye bibliografía aFisiología animal aNutrición animal a Campling, R. C., colab. aThomas, P. C., aut.